000 00289nam a22001217a 4500
020 _a9788176496308
082 _a621.3678
_bPAN/RE
100 _aPanda, B.C
245 _aRemote sensing: principles and applications
260 _aNew Delhi
_bViva Books
_c2009
300 _a288p
942 _cBK
999 _c13951
_d13951